000 00448nam a2200109Ia 4500
008 160909s9999 xx 000 0 und d
100 _aLeverette, Monica L.
245 _aEffectiveness of a Medication Reminder Device in the form of a Mobile Application to Improve Medication Adherence for Patients with Hypertension
260 _bBrandman University.
_c2016
650 _aNursing
856 _uhttp://pqdtopen.proquest.com/doc/1787145883.html?FMT=ABS
999 _c303886
_d303886